| 000 | 00373 a2200169 4500 | ||
|---|---|---|---|
| 001 | 171793 | ||
| 020 | _a978-850807224-8 | ||
| 040 | _cMagnum | ||
| 100 | _aSantos, Cláudio José Lopes Dos | ||
| 240 | 1 | 0 |
_aNa mira do vampiro _lpor |
| 245 | 1 | 0 | _aNa mira do vampiro |
| 300 | _a141 | ||
| 362 | 0 | _a2007 | |
| 440 | 1 | _aÁtica | |
| 697 | _aLITERATURA JUVENIL | ||
| 942 | _cBK | ||
| 999 |
_c171793 _d171793 |
||